Cómo hacer indicadores de calidad y productividad en la empresa
Salvato in:
| Autore principale: | |
|---|---|
| Natura: | Libro |
| Lingua: | spagnolo |
| Pubblicazione: |
Buenos Aires
Alsina
1999
|
| Edizione: | 1a. ed |
| Soggetti: | |
| Tags: |
Aggiungi Tag
Nessun Tag, puoi essere il primo ad aggiungerne!!
|
MARC
| LEADER | 00000nam a2200000 a 4500 | ||
|---|---|---|---|
| 001 | UCK6717 | ||
| 003 | CL-VaPUC | ||
| 008 | 051014e19990000AG |||||||||||||||||spa|d | ||
| 020 | |a 9505530595 | ||
| 082 | 0 | 4 | |a 658.4013 |b DEL |2 21 |
| 100 | 0 | |a D'Elia, Gustavo Eduardo |e author |9 496161 | |
| 245 | 1 | 0 | |a Cómo hacer indicadores de calidad y productividad en la empresa |
| 250 | |a 1a. ed | ||
| 300 | |a 60 p | ||
| 942 | |c BK | ||
| 945 | |d 20051014 00:00:00 |a cmena | ||
| 260 | |a Buenos Aires |b Alsina |c 1999 | ||
| 650 | 0 | |a Control de calidad |9 259714 | |
| 650 | 0 | |a Productividad |9 335972 | |
| 650 | 0 | |a Planificación estratégica |9 259735 | |
| 583 | |a last modification |c 20051014 00:00:00 |k Rodrigo Vera | ||
| 999 | |c 314909 |d 314907 | ||
| 952 | |0 0 |1 0 |4 0 |6 658_401300000000000_DEL_1999 |7 0 |8 A |9 387711 |a BIBING |b BIBING |d 2019-11-22 |i 4171799 |o 658.4013 DEL 1999 |p 4171799 |r 2025-01-20 |w 2019-11-22 |y BK |k EII | ||